000 01135nam0a22002651 4500
001 rc\2622154
005 20250623142509.0
035 _a(NLR Aleph) 006785818
090 _a6092141
_c6092141
100 _a20110914d1931 |||y0rusy50 ca
101 0 _arus
102 _aRU
105 _aa z |||||
200 1 _aИзвлечение цветных металлов и поделочных материалов
_fС. В. Иванов, Н. А. Сарно
210 _aМосква
_aЛенинград
_cТехника управления
_d1931
_eМосква
_gтип. "Путь Октября"
215 _a24 с.
_cил.
_d21х15 см.
225 1 _aСерия использования отходов и отбросов производства
_fКлуб работников народного хозяйства им. Ф. Э. Дзержинского
700 1 _aИванов
_bС.В.
_gСергей Васильевич
701 1 _aСарно
_bН.А.
_gНикодим Акимович
801 0 _aRU
_bNLR
_gpsbo
801 1 _aRU
_bELAR
_2rusmarc
852 _aNLR
_j32-10/338
942 _cBOOK
980 _aNB